The works of John Wesley; vol. 11. (Record no. 1965)

000 -LEADER
fixed length control field 00556nam a2200181 a 4500
001 - CONTROL NUMBER
control field :::00018231$&:&@@
003 - CONTROL NUMBER IDENTIFIER
control field OkBaRHE
005 - DATE AND TIME OF LATEST TRANSACTION
control field 20100327135039.0
008 - FIXED-LENGTH DATA ELEMENTS--GENERAL INFORMATION
fixed length control field s1986 j 000 0 eng u
040 ## - CATALOGING SOURCE
Transcribing agency
100 1# - MAIN ENTRY--PERSONAL NAME
Personal name Wesley, John.
245 14 - TITLE STATEMENT
Title The works of John Wesley; vol. 11.
260 ## - PUBLICATION, DISTRIBUTION, ETC. (IMPRINT)
Place of publication, distribution, etc Peabody, MA., :
Name of publisher, distributor, etc Hendrickson Publishers, INC.
Date of publication, distribution, etc 1986
300 ## - PHYSICAL DESCRIPTION
Extent v. (1-14) ;
Dimensions 24 cm.
650 ## - SUBJECT ADDED ENTRY--TOPICAL TERM
Topical term or geographic name as entry element Methodism
942 ## - ADDED ENTRY ELEMENTS (KOHA)
Source of classification or shelving scheme
Koha item type Books
Copies
Source of classification or shelving scheme Collection code Copy number Not for loan Date acquired Date last seen Lost status Full call number Withdrawn status Price effective from Koha item type Permanent Location Shelving location Damaged status Barcode
 Reference1 2010-04-142010-04-14 BX 8217 .W5 V.11 2010-04-14BooksRHEMA Bible Training CollegeGeneral Stacks 18231